00519nam a22001697a 450000500170000001000130001702000260003003500130005603700090006908200160007810000200009424500560011426000450017027000600021530000240027550000500029920210607115214.0 aB-739998 a9788176466813c695.00 aB-739998 bGift a338.7490954 aMishra, Sanjeev aDisinvested public enterprises /cby Sanjeev Mishra aDelhibB.R. Publishing Corporationc2009 a425, Nimri Colony, Ashok Vihar, Phase-IVbDelhie110052 axv, 240p.c22cm(Hb) aincludes bibliographical references and index